000 00611nam a22001815i 4500
001 48311
003 ES-MaACL
005 20230906161730.0
007 t|
008 950712s1858 sp ||||1| spa d
080 _a656.2(460)
100 1 _aRoss, Owen Charles Dalhousie.
_9175834
245 1 0 _aReflexiones sobre los proyectados ferro-carriles de Andalucía y Extremadura /
_cpor Owen Carlos Dalhousie Ross.
260 _aMadrid :
_b[s.n.],
_c1858 (
_fImp. de Tomás Nuñez Amor)
300 _a14 p. :
_b1 plano ;
_c20 cm.
650 4 _aFerrocarriles-
_zEspaña-
_yS. XIX.
_912762
852 4 _aES-MaACL
_jT-25-F-8
999 _c48311
_d48311